00495 2200193 4500001002100000005001500021035002000036007000300056008004100059020001800100082000800118084001400126100002400140245005100164250001000215260003500225300003200260990000900292INLIS00000000000000320260413094535 a0010-0426000003ta260413 c 1 ind  a9786021499290 a813 a813 DEA b0 aDea Syamgita laksmi1 aBayu putra sang Ksatria /cDea Syamgita laksmi acet 1 aSurakarta :bCV Grahari,c2019 a48 hlm :bill ;c25 x 18 cm a1960